| 000 | 00415nam a22001457a 4500 | ||
|---|---|---|---|
| 082 | _a346.540436 MAH | ||
| 100 | _aMahmood, Shaukat | ||
| 245 |
_aThe Transfer of Property Act, 1882 / _cShaukat Mahmood |
||
| 250 | _a7th Edition. | ||
| 260 |
_aLahore : _bLegal Research Centre, _c2018. |
||
| 300 |
_c24 cm. _a1120 p. ; |
||
| 942 |
_2ddc _cBK |
||
| 999 |
_c586888 _d586888 |
||